000 00350cam a2200145ua 4500
003 OSt
005 20260213113549.0
008 260213b |||||||| |||| 00| 0 eng d
041 _aeng
082 _a028.72622
_bDIV/DR
245 _aDriller`s safety manual /
260 _aJodhpur :
_bScientific Publishers ,
_c1986.
300 _a64 ; .
942 _cBK
999 _c6826
_d6826